Get the Picture: Starring Which Tom? Quiz Stats

 Plays Quiz Updated Jun 17, 2019

Score 0/20 Timer 03:00
1 Play Today
Question Answer Wrong Answers
Forrest Gump Tom Hanks
96.4%
Tom Hardy
0.3%
Tom Hiddleston
0.1%
Tom Cruise
0.5%
Mission Impossible Tom Cruise
96%
Tom Hanks
0.6%
Tom Hardy
0.6%
Tom Hiddleston
0.4%
Top Gun Tom Cruise
95.4%
Tom Hanks
1.1%
Tom Hardy
0.6%
Tom Hiddleston
0.2%
Toy Story Tom Hanks
94.9%
Tom Hardy
0.7%
Tom Hiddleston
0.7%
Tom Cruise
0.7%
Cast Away Tom Hanks
94.9%
Tom Hardy
0.8%
Tom Hiddleston
0.3%
Tom Cruise
1.2%
The Da Vinci Code Tom Hanks
92.3%
Tom Hardy
1.2%
Tom Hiddleston
1.3%
Tom Cruise
2.3%
Minority Report Tom Cruise
87.1%
Tom Hanks
4.9%
Tom Hardy
2.6%
Tom Hiddleston
2.5%
Interview with the Vampire Tom Cruise
85.5%
Tom Hanks
1.9%
Tom Hardy
4.3%
Tom Hiddleston
5.3%
Mad Max: Fury Road Tom Hardy
81.8%
Tom Hanks
0.7%
Tom Hiddleston
10.9%
Tom Cruise
3.6%
Thor: Ragnarok Tom Hiddleston
79.9%
Tom Hanks
0.6%
Tom Hardy
16%
Tom Cruise
0.8%
The Avengers Tom Hiddleston
79.4%
Tom Hanks
0.9%
Tom Hardy
14.1%
Tom Cruise
2.8%
The Dark Knight Rises Tom Hardy
75.1%
Tom Hanks
1%
Tom Hiddleston
17.2%
Tom Cruise
3.8%
Edge of Tomorrow Tom Cruise
73.8%
Tom Hanks
4%
Tom Hardy
10%
Tom Hiddleston
9.3%
Venom Tom Hardy
73.7%
Tom Hanks
0.9%
Tom Hiddleston
18.9%
Tom Cruise
3.4%
Warrior Tom Hardy
71.8%
Tom Hanks
1.7%
Tom Hiddleston
15.3%
Tom Cruise
8%
Bridge of Spies Tom Hanks
71.5%
Tom Hardy
8%
Tom Hiddleston
8.8%
Tom Cruise
9%
The Revenant Tom Hardy
71.1%
Tom Hanks
5.8%
Tom Hiddleston
14.1%
Tom Cruise
5.7%
Kong: Skull Island Tom Hiddleston
59.4%
Tom Hanks
2.5%
Tom Hardy
31%
Tom Cruise
4%
I Saw the Light Tom Hiddleston
55.6%
Tom Hanks
8.3%
Tom Hardy
26.5%
Tom Cruise
6.2%
Crimson Peak Tom Hiddleston
47.2%
Tom Hanks
8.9%
Tom Hardy
24.2%
Tom Cruise
16.5%

Today's Daily Dose

Missing Word
Banned Books (A-Z)

Word Ladder
Janis Joplin

Get the Picture
Occupations

You're not logged in!

Compare scores with friends on all Sporcle quizzes.
OR
Log In

Sporcle TV

Today on Sporcle TV


Watch our educational content, quiz creation guides, and fun videos on Sporcle TV.

Show Comments

Extras

Top Quizzes Today


Score Distribution

Your Account Isn't Verified!

In order to create a playlist on Sporcle, you need to verify the email address you used during registration. Go to your Sporcle Settings to finish the process.

Report this User

Report this user for behavior that violates our Community Guidelines.

Details: